Album Covers by Letter - J - Statistics

General Stats
  • This quiz has been taken 119 times
  • The average score is 6 of 16
Answer Stats
Picture Answer % Correct
The Joshua Tree - U2
74%
Jolene - Dolly Parton
66%
Janet - Janet Jackson
61%
J.Lo - Jennifer Lopez
61%
Joanne - Lady Gaga
57%
Jar of Flies - Alice in Chains
52%
Jazz - Queen
47%
Jagged Little Pill - Alanis Morissette
46%
John Lennon/Plastic Ono Band - John Lennon
33%
Joyride - Roxette
27%
Jailbreak - Thin Lizzy
19%
John Wesley Harding - Bob Dylan
16%
Juju - Siouxsie and the Banshees
13%
Jennifer Hudson - Jennifer Hudson
11%
John Prine - John Prine
8%
Jeopardy - The Sound
3%
No matching quizzes found
Score Distribution
Percent of People with Each Score
Percentile by Number Answered
Your Score History
You have not taken this quiz